01948nam a22002657a 4500003000900000008004100009040007100050082002500121110005500146245006800201260003200269300002900301440006500330505101900395650001701414650001301431650002501444650001301469700002901482700002601511700003001537700002701567700003301594710005501627AR-CdUCM190425b ||||| |||| 00| 0 spa d aMUNICIPALIDAD PROVINCIAL DEL CUSCOcBIBLIOTECA MUNICIPAL DEL CUSCO aRev.Univ/N°102/1952 aUniversidad Nacional de San Antonio Abad del Cusco aRevista Universitaria :bÓrgano de la Universidad del Cuzco / aCusco :bH.G. Rozas,c1952. a397 páginas. :c20 cm. aRevista UniversitarianAño XLI, 1° semestre 1952, N°102. aContenido: Hacia una filosofía americana. Humberto Vidal Unda. -- Contenido filosófico del anhelo y el acto. Fernando Manrique E. -- Arequipa. Jorge Cornejo Bouroncle. -- Un aspecto de los problemas de la educación nacional. Benjamín Rojas Díaz. -- Clave dicotómica para ordenes de mamíferos del Cuzco. Ismael Ceballos B. -- Expedición realizada a la provincia de Paucartambo. Segundo Villasante Ortíz. -- Folklore nacional. La Mula. Efraín Morote Best. -- Análisis de Nothoscordum andiculakunth. Eusebio Montesinos. -- Variaciones meteorológicas estacionales en la ciudad de Cusco. Luis Olazo. -- El patriota Felipe de la Rocha. Jorge Cornejo Bouroncle. -- Desarrollo histórico de la cultura occidental. Antonio Astete Abrill. -- El factor emocional la anécdota y la fatiga en la enseñanza de la historia. Juan Francisco León Motta. -- El problema de la realización del producto en la economía capitalista. Carlos Núñez Anavitarte. -- Plan de estudios de las facultades...  aFilosofía  aArequipa aHistoria Paucartambo aFolclore aCornejo Bouroncle, Jorge aMorote Best, Efraín aVillasante Ortiz, Segundo aAstete Abrill, Antonio aLeón Motta, Juan Francisco aUniversidad Nacional de San Antonio Abad del Cusco